Women and Child Education/ (Record no. 208451)
[ view plain ]
| 000 -LEADER | |
|---|---|
| fixed length control field | 00543nam a22001817a 4500 |
| 005 - DATE AND TIME OF LATEST TRANSACTION | |
| control field | 20250113170234.0 |
| 010 ## - LCCN (DPL NO) | |
| LC control number | ENG-143337 |
| 020 ## - INTERNATIONAL STANDARD BOOK NUMBER | |
| International Standard Book Number | 9788182473607 |
| Terms of availability | 695.00 |
| 035 ## - SYSTEM CONTROL NUMBER | |
| System control number | EN-126869 |
| 037 ## - SOURCE OF ACQUISITION | |
| Source of stock number/acquisition | DBAD |
| 082 ## - DEWEY DECIMAL CLASSIFICATION NUMBER | |
| Classification number | 372.21 |
| 100 ## - MAIN ENTRY--PERSONAL NAME | |
| Personal name | Sharma, G.D |
| 245 ## - TITLE STATEMENT | |
| Title | Women and Child Education/ |
| Statement of responsibility, etc | by G.D Sharma |
| 260 ## - PUBLICATION, DISTRIBUTION, ETC. (IMPRINT) | |
| Place of publication, distribution, etc | Panchkula |
| Name of publisher, distributor, etc | Delhi Book Bureau |
| Date of publication, distribution, etc | 2012 |
| 270 ## - ADDRESS | |
| Address | SCO 43, Ist Floor, Swastick Vihar, MDC Complex, |
| City | Panchkula |
| Postal code | 134113 |
| 300 ## - PHYSICAL DESCRIPTION | |
| Extent | 223p. |
| Dimensions | 22cm(Hb) |
| 942 ## - ADDED ENTRY ELEMENTS (KOHA) | |
| Source of classification or shelving scheme | Dewey Decimal Classification |
| Item type | English Books |
| Classification part | 372.21 |
| Call number suffix | SHA |
| Withdrawn status | Lost status | Not for loan | Collection code | Home library | Current library | Date acquired | Source of acquisition | Cost, normal purchase price | Full call number | Barcode | Copy number | Cost, replacement price | Koha item type |
|---|---|---|---|---|---|---|---|---|---|---|---|---|---|
| Non-fiction | Central Library | Central Library | 20/02/2025 | Delivery of Books Act Division | 695.00 | 372.21 SHA | EN-126869 | 1 | 695.00 | English Books |
